Atlanta Hawks All-Time Roster - Statistics

General Stats
  • This quiz has been taken 543 times
  • The average score is 6 of 12
Answer Stats
Post Player % Correct
SF Dominique Wilkins
96%
PF Bob Pettit
84%
C Dikembe Mutombo
72%
BN Al Horford
65%
BN Joe Johnson
58%
PG Pete Maravich
47%
SG Lou Hudson
41%
BN Mookie Blaylock
28%
BN Kevin Willis
27%
BN John Drew
15%
BN Dan Roundfield
11%
BN Bill Bridges
8%
No matching quizzes found
Score Distribution
Percent of People with Each Score
Percentile by Number Answered
Your Score History
You have not taken this quiz